000
00309nam a2200121 a 4500
005
20140513081051.0
008
030203s19uu xx 00 eng d
050
_a
P 611
_b
PAR
245
_a
Parts of the body :
_b
(mga bahagi ng katawan).
300
_a
Poster
650
_a
Body, parts--Posters
999
_c
116353
_d
116353